000 00173nam a2200073Ia 4500
008 170523s9999 xx 000 0 und d
100 _aBesanko- D.
245 0 _aEconomics of Strategy
260 _aWiley India
999 _c12307
_d12307